000 00407nam a2200169Ia 4500
003 GCL
008 140319s9999 xx 000 0 eng d
040 _aGCL /
_cGCL
082 0 4 _a952
_bS H
100 1 _aSANSAM, GEORGE
245 1 0 _aHISTOIRE DU JAPAN /
_cSANSAM, GEORGE
260 _a[S.N] :
_bFAYARD ،
_c1988
300 _a1020 P
650 0 4 _aJAPAN - HISTORY
650 0 4 _aHISTORY
942 _2ddc
_cBK
999 _c23267
_d23267